How many fruits can you name? - Statistics

General Stats
  • This quiz has been taken 106 times
  • The average score is 40 of 148
Answer Stats
Fruits % Correct
Apple
99%
Clementine
98%
Tangerine
96%
Blood Orange
95%
Mandarine
95%
Orange
95%
Banana
94%
Watermelon
94%
Grape
91%
Honeydew
91%
Raisin
91%
Strawberry
89%
Blueberry
86%
Cantaloupe
84%
Pear
84%
Raspberry
84%
Salmonberry
84%
Blackberry
82%
Lemon
82%
Pineapple
79%
Mango
76%
Prune
75%
Lime
74%
Cherry
73%
Plum
72%
Musk Melon
71%
Kiwi
69%
Peach
69%
Galia Melon
68%
Housemelon
68%
Melon
68%
Grapefruit
65%
Avocado
60%
Apricot
59%
Cranberry
55%
Dragonfruit
55%
Fig
51%
Nectarine
51%
Coconut
48%
Papaya
47%
Starfruit
47%
Lychee
46%
Guava
45%
Passionfruit
45%
Redcurrant
44%
Date
42%
Jackfruit
40%
Durian
39%
Persimmon
35%
Gooseberry
34%
Kumquat
31%
Plantain
22%
Boysenberry
21%
Currant
21%
Rambutan
21%
Elderberry
20%
Quince
20%
Huckleberry
18%
Blackcurrant
14%
Mangosteen
14%
Acai
13%
Pomegranite
13%
Mulberry
12%
Pomelo
12%
Tangelo
12%
Loganberry
11%
Yuzu
11%
Cherimoya
9%
Longan
9%
Satsuma
9%
Breadfruit
8%
Damson
8%
Goji Berry
8%
Loquat
8%
Soursop
8%
Tamarind
8%
Kiwano
7%
Paw Paw
7%
Ackee
6%
Cloud Berry
6%
Crab Apple
6%
Jujube
6%
Marionberry
6%
Nance
6%
Salak
6%
Abiu
5%
Bilberry
5%
Cacao
5%
Sapodilla
5%
Tamarillo
5%
Ugli Fruit
5%
Acerola
4%
Araza
4%
Buddha's Hand
4%
Feijoa
4%
Finger Lime
4%
Honeyberry
4%
Mamey Sapote
4%
Medlar
4%
Pineberry
4%
Plumcot
4%
Rose Apple
4%
Santol
4%
Sapote
4%
African Cherry Orange
2%
Akebi
2%
American Mayapple
2%
Black Sapote
2%
Canistel
2%
Jabuticaba
2%
Jambul
2%
Juniperberry
2%
Lanzones
2%
Mamey Apple
2%
Miracle Fruit
2%
Monstera Deliciosa
2%
Salal
2%
Star Apple
2%
Aratiles
1%
Cactus Pear
1%
Catmon
1%
Cempedak
1%
Chico Fruit
1%
Coco de Mer
1%
Gac Fruit
1%
Grewia asiatica
1%
Guyabano
1%
Hala
1%
Japanese Plum
1%
Jostaberry
1%
Kaffir Lime
1%
Lulo
1%
Macopa
1%
Magellan Barberry
1%
Momordica
1%
Sarguelas
1%
Suriname Cherry
1%
Tayberry
1%
Thimbleberry
1%
White Currant
1%
White Sapote
1%
Ximenia
1%
Atis
0%
Purple Mangosteen
0%
Red Medlar
0%
Sampaloc
0%
Saquico
0%
Tambis
0%
No matching quizzes found
Score Distribution
Percent of People with Each Score
Percentile by Number Answered
Your Score History
You have not taken this quiz